000
00232 a2200097 4500
000
nam a22 7a 4500
005
20260210153705.0
100
_a
Divakaruni, Chitra Banerjee
_9
1114874
245
_a
The Last Queen
942
_c
TEXL
999
_c
1679116
_d
1679116